|
|
|
|
| LEADER |
00000cam a2200000 a 4500 |
| 001 |
vtls001464598 |
| 003 |
SK-MaSNL |
| 005 |
20260301121706.0 |
| 008 |
240314s2003 xo g 0000p slo |
| 015 |
|
|
|a SNBA2003/12-04841
|
| 020 |
|
|
|a 8055106800
|
| 035 |
|
|
|a SNK000419903
|
| 035 |
|
|
|a urn:nbn:sk:snk-am3homh
|
| 035 |
|
|
|a B72C2F54-DB82-470D-BBD7-0A2C1497457D
|
| 035 |
|
|
|a urn:nbn:sk:snk-am00cv1s
|
| 040 |
|
|
|a SNK
|b slo
|c SNK
|e AACR2
|
| 041 |
0 |
|
|a slo
|
| 044 |
|
|
|a xo
|c SK
|
| 072 |
|
7 |
|a 821.162.4-1
|x Slovenská poézia
|2 konspekt
|
| 080 |
|
|
|a 821.162.4-1
|2 2001
|
| 100 |
1 |
|
|a Kolenič, Ivan,
|d 1965-
|4 aut
|9 90000
|
| 245 |
1 |
0 |
|a Na výslní
|c Ivan Kolenič
|
| 250 |
|
|
|a 1. vyd.
|
| 260 |
|
|
|a Bratislava
|b Ikar
|c 2003
|
| 300 |
|
|
|a 64 s.
|c 15 cm
|
| 650 |
0 |
7 |
|a slovenská literatúra
|2 SNKPH
|9 1115
|
| 655 |
|
7 |
|a slovenská poézia
|2 SNKPH
|9 70444
|
| 919 |
|
|
|a 80-551-0680-0
|
| 958 |
|
|
|a LX
|
| 999 |
|
|
|c 730313
|d 732243
|
| 952 |
|
|
|t P60, <03>, [BOOK], {603}
|a SNK
|b SNK
|y PREZ
|7 0
|p 17A0404419
|o snkSE 10529
|i snkKSP 15321/2003
|0 0
|1 0
|4 0
|d 2003-12-03
|f 1
|l 0
|r 2005-01-02 00:00:00
|w 2026-02-23
|
| 952 |
|
|
|t P60, <04>, [BOOK], {604}
|a SNK
|b SNK
|y VYP
|7 0
|p 17A0404418
|o snkSE 10529 D1
|i snkKSP 15322/2003
|0 0
|1 0
|4 0
|d 2003-12-03
|l 0
|r 2005-01-02 00:00:00
|w 2026-02-23
|